Statistiques concernant Pays riches frontaliers avec des pays pauvres

Cliquez ici pour prendre le quiz!

Statistiques générales

  • Ce quiz a été pris 3,396 fois
    (621 depuis la dernière actualisation)
  • Le résultat moyen est 20 sur 35

Statistiques - réponses

Pays % Correct
Chine
98%
Russie
95%
Corée du Sud
78%
Iran
77%
Afrique du Sud
77%
Corée du Nord
76%
Népal
74%
Arabie Saoudite
69%
Irak
69%
Syrie
67%
Afghanistan
67%
Turquie
66%
Israël
66%
Yémen
62%
Oman
61%
Algérie
60%
Rép. dém. du Congo
59%
Niger
58%
Rép. du Congo
58%
Kazakhstan
58%
Mozambique
54%
Kirghizistan
53%
Mali
53%
Eswatini
51%
Turkménistan
51%
Indonésie
47%
Angola
43%
Zimbabwe
40%
Rép. Centrafricaine
37%
Botswana
37%
Haïti
35%
Timor oriental
35%
Somalie
34%
Rép. dominicaine
33%
Djibouti
28%

Distribution des résultats

Percentile par nombre de réponses

% des personnes avec chaque résultat

Votre développement - résultats

Vous n’avez pas pris ce quiz depuis la dernière actualisation